000 00544nam a2200181 i 4500
001 65293
003 ES-MaACL
005 20230906165336.0
007 t|
008 040112s1973 sp ||||1| spa d
100 0 _aFreinet, Célestin.
_952452
245 1 3 _aLa enseñanza de las ciencias /
_cCelestin Freinet ; [versión Grupo de la Escuela Moderna].
250 _a[1ª ed.].
260 _aBarcelona :
_bLaia,
_c[1973]
300 _a156 p. ;
_c17 cm.
710 2 _aGrupo de la Escuela Moderna.
_94516
852 _aES-MaACL
_jC-54999
_bR.87548
999 _c65293
_d65293